[Event "Pan American-ch U1700"]
[Site "Timbo"]
[Date "2021.12.03"]
[Round "5"]
[White "Carmo, Jose Arlindo"]
[Black "Pavao, Wilson"]
[Result "1-0"]
[WhiteElo "1637"]
[BlackElo "1481"]
[PlyCount "105"]
[EventDate "2021.12.01"]
[EventType "swiss"]
[EventRounds "9"]
[EventCountry "BRA"]
[SourceTitle "CBM 205 Extra"]
[Source "ChessBase"]
[SourceDate "2022.01.31"]
[SourceVersion "1"]
[SourceVersionDate "2022.01.31"]
[SourceQuality "1"]

1. e4 c5 2. Nf3 d6 3. d4 cxd4 4. Nxd4 Nf6 5. Nc3 a6 6. Be2 e5 7. Nb3 b5 8. a4 b4 9. Nd5 Nxd5 10. Qxd5 Ra7 11. Be3 Bb7 12. Qd2 Ra8 13. Qxb4 Qc7 14. Na5 Bxe4 15. Qxe4 Qxa5+ 16. b4 Qc7 17. Qxa8 Qc3+ 18. Bd2 Qxa1+ 19. Bd1 Qxa4 20. Qxb8+ Ke7 21. 0-0 Qc6 22. Qa7+ Kf6 23. Qe3 g6 24. Qg5+ Ke6 25. Qh4 Be7 26. Qh3+ f5 27. Qf3 e4 28. Qc3 Qxc3 29. Bxc3 Rc8 30. Bb2 d5 31. c3 Bf6 32. Be2 d4 33. cxd4 Rc2 34. d5+ Kxd5 35. Bxf6 Rxe2 36. Ra1 Kc4 37. Kf1 Rc2 38. Be7 Kb5 39. Bc5 Rb2 40. Ra5+ Kc4 41. Rxa6 Rb1+ 42. Ke2 f4 43. Ra2 Rb3 44. Rc2+ Kd5 45. Rd2+ Ke6 46. Rd6+ Kf5 47. h3 f3+ 48. gxf3 exf3+ 49. Kd2 h5 50. Rd3 Rb1 51. Rxf3+ Ke4 52. Rg3 Kf5 53. Ra3 1-0

[Event "Pan American-ch U1700"]
[Site "Timbo"]
[Date "2021.12.02"]
[Round "3"]
[White "Mangialardo, Gabriel Henrique"]
[Black "Pavao, Wilson"]
[Result "1-0"]
[WhiteElo "1852"]
[BlackElo "1481"]
[PlyCount "57"]
[EventDate "2021.12.01"]
[EventType "swiss"]
[EventRounds "9"]
[EventCountry "BRA"]
[SourceTitle "CBM 205 Extra"]
[Source "ChessBase"]
[SourceDate "2022.01.31"]
[SourceVersion "1"]
[SourceVersionDate "2022.01.31"]
[SourceQuality "1"]

1. d4 d5 2. c4 e6 3. Nc3 Nf6 4. Nf3 a6 5. Bg5 Be7 6. e3 dxc4 7. Bxc4 b5 8. Bd3 0-0 9. Qc2 h6 10. Bxf6 Bxf6 11. Be4 c6 12. 0-0 Bb7 13. Rfd1 Qc7 14. Rac1 Nd7 15. Ne2 Rac8 16. b4 Nb6 17. d5 exd5 18. Bxd5 Rfd8 19. Bb3 Rxd1+ 20. Qxd1 Qe7 21. Qd2 Rd8 22. Ned4 Rc8 23. Nf5 Qc7 24. Qd6 Ba8 25. Nxh6+ gxh6 26. Qxf6 Kh7 27. Bxf7 Rf8 28. Qg6+ Kh8 29. Qxh6# 1-0

[Event "Pan American-ch U1700"]
[Site "Timbo"]
[Date "2021.12.02"]
[Round "4"]
[White "Pavao, Wilson"]
[Black "Kannenberg, Brayan Kelvin Greth"]
[Result "1-0"]
[WhiteElo "1481"]
[BlackElo "1095"]
[PlyCount "77"]
[EventDate "2021.12.01"]
[EventType "swiss"]
[EventRounds "9"]
[EventCountry "BRA"]
[SourceTitle "CBM 205 Extra"]
[Source "ChessBase"]
[SourceDate "2022.01.31"]
[SourceVersion "1"]
[SourceVersionDate "2022.01.31"]
[SourceQuality "1"]

1. e4 c5 2. Nf3 e6 3. d3 a6 4. g3 Nc6 5. Bg2 d6 6. 0-0 Nf6 7. Re1 Qc7 8. Qe2 e5 9. h3 Be7 10. c4 b5 11. b3 0-0 12. Bb2 Be6 13. Nc3 Rab8 14. Nd5 Qd7 15. Red1 Bxh3 16. Bxh3 Qxh3 17. Nxe7+ Nxe7 18. Bc1 Ng6 19. Ng5 Qd7 20. Kg2 h6 21. Nh3 Nh7 22. g4 Ng5 23. Nxg5 hxg5 24. Bxg5 Nf4+ 25. Bxf4 exf4 26. Qf3 g5 27. Rh1 f6 28. Rh6 Kg7 29. Rah1 Rh8 30. Qh3 Qd8 31. Qh5 Qe8 32. Rh7+ Rxh7 33. Qxh7+ Kf8 34. Qh8+ Kf7 35. Qh7+ Ke6 36. Qf5+ Ke7 37. Rh7+ Kd8 38. Qxf6+ Kc8 39. Rh8 1-0

[Event "Pan American-ch U1700"]
[Site "Timbo"]
[Date "2021.12.01"]
[Round "1"]
[White "Simas, Breno Matos"]
[Black "Pavao, Wilson"]
[Result "1-0"]
[WhiteElo "1689"]
[BlackElo "1481"]
[PlyCount "105"]
[EventDate "2021.12.01"]
[EventType "swiss"]
[EventRounds "9"]
[EventCountry "BRA"]
[SourceTitle "CBM 205 Extra"]
[Source "ChessBase"]
[SourceDate "2022.01.31"]
[SourceVersion "1"]
[SourceVersionDate "2022.01.31"]
[SourceQuality "1"]

1. d4 d5 2. c4 e6 3. Nf3 a6 4. g3 dxc4 5. a4 c6 6. Bg2 b5 7. Ne5 Bb7 8. 0-0 f6 9. Nf3 Bd6 10. Nc3 Ne7 11. e4 Ng6 12. h4 0-0 13. h5 Ne7 14. Qc2 e5 15. Rd1 exd4 16. Nxd4 Qc8 17. Nf5 Nxf5 18. exf5 Be5 19. h6 Bxc3 20. hxg7 Kxg7 21. bxc3 Nd7 22. Qd2 Nc5 23. Qh6+ Kh8 24. Ba3 Nb3 25. Bxf8 Qxf8 26. Qxf8+ Rxf8 27. axb5 Nxa1 28. bxc6 Bxc6 29. Bxc6 Rc8 30. Bb7 Rc7 31. Bxa6 Nb3 32. Rd8+ Kg7 33. Rc8 Rxc8 34. Bxc8 Kf8 35. Be6 Na5 36. Kg2 Ke7 37. Kf3 h5 38. Ke4 Kd6 39. Kd4 Nc6+ 40. Kxc4 Ne5+ 41. Kd4 Ng4 42. f3 Ne5 43. Ke4 Kc5 44. f4 Ng4 45. Bf7 Nf2+ 46. Kf3 Nd1 47. c4 Kd4 48. Bxh5 Kxc4 49. g4 Kd4 50. g5 fxg5 51. fxg5 Ke5 52. f6 Nc3 53. f7 1-0

[Event "Florianopolis op 09"]
[Site "Florianopolis"]
[Date "2021.09.26"]
[Round "6"]
[White "Esteche, Caina Rinaldi"]
[Black "Pavao, Wilson"]
[Result "1-0"]
[WhiteElo "1696"]
[BlackElo "1535"]
[PlyCount "97"]
[EventDate "2021.09.24"]
[EventType "swiss"]
[EventRounds "6"]
[EventCountry "BRA"]
[SourceTitle "EXT 2024"]
[Source "ChessBase"]
[SourceDate "2023.10.10"]
[SourceVersion "1"]
[SourceVersionDate "2023.10.10"]
[SourceQuality "1"]

1. d4 d5 2. c4 e6 3. Nc3 Nf6 4. cxd5 exd5 5. Bg5 Be7 6. e3 0-0 7. Bd3 Nbd7 8. Nf3 c5 9. dxc5 Nxc5 10. Bc2 Be6 11. Bxf6 Bxf6 12. Nd4 b6 13. 0-0 Rc8 14. Rc1 g6 15. Qd2 Qe7 16. Rfd1 Rfd8 17. Bb1 Bg7 18. Qe2 Qg5 19. Nf3 Qf6 20. Nd4 Qg5 21. Kh1 h6 22. Rd2 Rc7 23. Ncb5 Rcd7 24. Nc6 Ra8 25. Nbd4 Rc8 26. b4 Na4 27. Nxe6 fxe6 28. Ne7+ Qxe7 29. Rxc8+ Kh7 30. a3 Nc3 31. Qd3 Nxb1 32. Qxb1 e5 33. Qb3 Qf7 34. Kg1 h5 35. a4 d4 36. Qxf7 Rxf7 37. Rc6 Rd7 38. Kf1 Bh6 39. Ke2 Kg7 40. Rc4 Kf7 41. Rd3 Bg7 42. Kf3 Ke6 43. Ke4 Bf6 44. Rc6+ Ke7 45. f4 exf4 46. Kxf4 Rd8 47. exd4 Bxd4 48. Ke4 Kd7 49. Rxg6 1-0

[Event "Florianopolis op 09"]
[Site "Florianopolis"]
[Date "2021.09.26"]
[Round "5"]
[White "Pavao, Wilson"]
[Black "De Freitas, Isabella Ribeiro Co"]
[Result "0-1"]
[WhiteElo "1535"]
[BlackElo "1909"]
[PlyCount "78"]
[EventDate "2021.09.24"]
[EventType "swiss"]
[EventRounds "6"]
[EventCountry "BRA"]
[SourceTitle "EXT 2024"]
[Source "ChessBase"]
[SourceDate "2023.10.10"]
[SourceVersion "1"]
[SourceVersionDate "2023.10.10"]
[SourceQuality "1"]

1. e4 c5 2. Nf3 Nc6 3. Bb5 Qc7 4. 0-0 Nf6 5. Re1 e6 6. Nc3 a6 7. Bxc6 Qxc6 8. d3 Be7 9. h3 0-0 10. Bf4 b5 11. e5 Nd5 12. Nxd5 Qxd5 13. c3 Bb7 14. d4 cxd4 15. cxd4 Rac8 16. b3 Rc3 17. Rc1 Rfc8 18. Rxc3 Rxc3 19. Re3 b4 20. Qd2 g5 21. Bh2 g4 22. hxg4 Bg5 23. Bg3 Bxe3 24. fxe3 Qe4 25. g5 Qxe3+ 26. Qxe3 Rxe3 27. Kf2 Rc3 28. Ke2 Bxf3+ 29. gxf3 Rc2+ 30. Kd3 Rxa2 31. Kc4 a5 32. f4 Kg7 33. d5 Rd2 34. d6 Rd5 35. f5 h6 36. gxh6+ Kxh6 37. Bf4+ Kh5 38. f6 Kg4 39. Bh2 Kf3 0-1